Biblioteca

El grupo (Registro nro. 66150)

Detalles MARC
000 -LÍDER
Campo fijo de descripción fija 01980nam a2200337 i 4500
001 - NÚMERO DE CONTROL
Campo de control 768714001
003 - IDENTIFICADOR DEL NÚMERO DE CONTROL
Campo de control CO-MdFUSB
005 - FECHA Y HORA DE LA ULTIMA TRANSACCIÓN
control field 20211004163022.0
007 - CAMPO FIJO DE DESCRIPCIÓN FIJA--INFORMACIÓN GENERAL
Campo fijo de descripción fija ta
008 - ELEMENTOS DE LONGITUD FIJA -- INFORMACIÓN GENERAL
Campo fijo de descripción fija -- Información general 200617t1997 ag |||| |||| 00| 0 spa d
020 ## - NÚMERO INTERNACIONAL NORMALIZADO PARA LIBROS
Número Internacional Normalizado del libro 9508020644
040 ## - FUENTE DE CATALOGACIÓN
Agencia de catalogación original CO-MdFUSB
Idioma de catalogación spa
Agencia que realiza la transcripción CO-MdFUSB
Agencia que realiza la modificación CO-MdFUSBC
Convenciones de la descripción rda
041 ## - CÓDIGO DE IDIOMA
Código de idioma para texto/pista de sonido o título separado spa
082 ## - NÚMERO DE CLASIFICACIÓN DECIMAL DEWEY
Número de la edición del Dewey 23
Número de clasificación 371.254
Clave de autor-Numero de item G216
100 ## - ASIENTO PRINCIPAL--NOMBRE PERSONAL
Nombre personal García, Dora
Fechas asociadas con el nombre 1965-
Término relacionador autor
245 13 - TÍTULO
Título del Material El grupo
Parte restante del título - Subtitulo : métodos y técnicas participativas
Mención de responsabilidad, etc. / Dora García
250 ## - MENCIÓN DE EDICIÓN
Mención de edición Primero edición
264 #1 - PRODUCCIÓN, PUBLICACIÓN, DISTRIBUCIÓN, MANUFACTURA, Y COPYRIGHT
Lugar de producción, publicación, distribución, manufactura Buenos aires :
Nombre del productor, publicador, distribuidor Espacio,
Fecha de producción, publicación, distribución, manufactura, o copyright [1997]
264 #4 - PRODUCCIÓN, PUBLICACIÓN, DISTRIBUCIÓN, MANUFACTURA, Y COPYRIGHT
Fecha de producción, publicación, distribución, manufactura, o copyright ©1997
300 ## - DESCRIPCIÓN FÍSICA
Dimensiones 137 páginas ;
Extensión 23 cm
336 ## - TIPO DE CONTENIDO
Fuente rdacontent
Término de tipo de contenido texto
Código de tipo de contenido txt
337 ## - TIPO DE MEDIO
Fuente rdamedia
Nombre del tipo de medio sin mediación
Código del tipo de medio n
338 ## - TIPO DE SOPORTE
Fuente rdacarrier
Nombre del tipo de soporte volumen
Código Tipo de soporte nc
505 ## - NOTA DE CONTENIDO
Nota de contenido con formato preestablecido Aproximación a la realidad actual -- Innovaciones pedagógicas -- El taller como espacio de aprendizaje -- El grupo: texto y contexto de enseñanza -- Rol del coordinador y observador -- Técnicas participativas -- Concepto, uso y abuso -- Tipos de técnicas -- Ámbitos de aplicación -- Salud y educación -- La comunidad y su abordaje -- Anexo: Experiencias sistematizadas -- Epílogo -- Bibliografía.
520 ## - NOTA DE RESUMEN, ETC.
Nota de sumario, etc. El objetivo principal de este libro es contribuir con herramientas pedagógicas que promuevan la educación popular. Es un aporte para todos aquellos docentes, miembros de la comunidad y profesionales que se ocupen de planificar y ejecutar actividades dirigidas a la población en general y que intenten acompañar a los sujetos capaces de apropiarse de su realidad personal, al mismo tiempo que la modifican, desde un real proceso educativo. No pretende ser ni un recetario, ni pautas estrictas a aplicar en cualquier actividad. Por el contrario se trata de propuestas metodológicas para promover la investigación y la creatividad del lector en base a su propia cotidianeidad.
563 ## - NOTA DE ENCUADERNACIÓN
Nota de encuadernación Rústico
650 #0 - ASIENTO SECUNDARIO DE MATERIA - TERMINO TEMÁTICO
9 (RLIN) 984
Término temático o nombre geográfico como elemento de entrada Educación
653 ## - TÉRMINO DE INDIZACIÓN - NO CONTROLADO
Término no controlado Trabajo en grupo.
942 ## - TIPO DE MATERIAL (KOHA)
Tipo de Item KOHA Libros General
945 ## - INFORMACIÓN LOCAL DEL REGISTRO
Catalogador Dani
Existencias
Estado de Material Estado de Perdido Forma de Clasificación Estado de Dañado No para Préstamo Colección Biblioteca de Origen Biblioteca Permanente Fecha de Adquisición Área Total de Préstamos Signatura Topográfica Código de Barras Última vez visto Ejemplar/Existencia Fecha de Remplazo Tipo de Material
    Dewey Decimal Classification     Colección General Biblioteca FUSBC Biblioteca FUSBC 17/06/2020 EDUCACIÓN   G 371.254 G216g 9153 03/10/2023 Ej.1 17/06/2020 Libros General

Biblioteca FUSBC | Teléfono: (57+4) 349 88 10 Ext. 141| WhatsApp (+57) 3005338115 
E-mail: biblioteca@unisbc.edu.co | Calle 76 87-14 Robledo Palenque, Medellín, Colombia

Con tecnología Koha